Awo : (Record no. 10969)

MARC details
000 -LEADER
fixed length control field 00659nam a22001937a 4500
008 - FIXED-LENGTH DATA ELEMENTS--GENERAL INFORMATION
fixed length control field 230425b |||||||| |||| 00| 0 eng d
020 ## - INTERNATIONAL STANDARD BOOK NUMBER
ISBN 9789780208608
040 ## - CATALOGING SOURCE
Original cataloging agency NLN
Language of cataloging English
Description conventions AACR2
100 ## - MAIN ENTRY--AUTHOR
Author MAKINDE, Moses Akin
Relator term aut
245 ## - TITLE STATEMENT
Title Awo :
Remainder of title the last conversation /
Statement of responsibility, etc Moses Akin makinde
260 ## - PUBLICATION, DISTRIBUTION, ETC. (IMPRINT)
Place of publication Ibadan (jericho Road, P. M. B. 5164) :
Name of publisher Evans Brothers Nigeria Publishers,
Date of publication 2009
300 ## - COLLATION
Pagination xiv, 274p. ;
Other physical details 21cm.
563 ## - BINDING INFORMATION
Binding note (pbk)
650 ## - TRACINGS
Main Subject Awolowo, Obafemi, 1909-1987
Subdivision (1st) Philosophy
650 ## - TRACINGS
Main Subject Nigeria
Subdivision (1st) Politics and government
Subdivision (2nd) 1960
-- Philosophy.
942 ## - ADDED ENTRY ELEMENTS (KOHA)
Item type Books
050 ## - LIBRARY OF CONGRESS CALL NUMBER
Classification number DT515.83.A967
Item number M911
082 ## - DEWEY DECIMAL CLASSIFICATION NUMBER
Classification number 923.2
Holdings
Source of classification or shelving scheme Not for loan Home library Current library Date acquired Full call number Barcode. Koha item type
Library of Congress Classification   BENIN BRANCH National Library of Nigeria 25/04/2023 DT515.83.A967 M911 2023-0113 Books

National Library of Nigeria OPAC is powered by Koha